| 000 | 00739nam a22002417a 4500 | ||
|---|---|---|---|
| 005 | 20170124105935.0 | ||
| 010 | _aA-370438 | ||
| 020 |
_c00.00 _a8170222079 |
||
| 035 | _aA-370438 | ||
| 037 | _bCen Lib/Ret | ||
| 040 |
_aDPL _bEN |
||
| 082 |
_a301 _bAGA |
||
| 100 |
_aAgarwal, S. P. _97660 |
||
| 245 |
_aNehru on social issues / _cedited by S. P. Agarwal [and] J. C. Agarwal |
||
| 260 |
_aNew Delhi _c1989 _bConcept Publishing Company |
||
| 270 |
_bNew Delhi _aA-15/16, Mohan Garden _e110059 |
||
| 300 |
_axiii, 273p. _c20cm(Hb) |
||
| 500 | _aIncludes index | ||
| 650 |
_aSocial science _975712 |
||
| 650 |
_aDynamic vision _xNehru _99463 |
||
| 700 |
_aAgarwal, J. C. _99464 |
||
| 942 |
_2ddc _cEN _h301 _mAGA |
||
| 999 |
_c124130 _d124130 |
||